| 000 | 01291cam a22002894a 4500 | ||
|---|---|---|---|
| 020 | _a9789251063477 | ||
| 020 | _a9251063478 | ||
| 040 | _cBTCTA | ||
| 082 | _a639 FOO 2009 A083 Or. | ||
| 245 | 0 | 0 |
_aClimate change implications for fisheries and aquaculture : _boverview of current scientific knowledge / |
| 260 |
_aRome : _bFood and Agriculture Organization of the United Nations, _c2009. |
||
| 300 |
_av, 212 p. : _bill. (some col.), maps (some col.) ; _c30 cm. |
||
| 490 | 1 | _aFAO fisheries and aquaculture technical paper, | |
| 500 | _aThree technical papers that were presented and discussed during the Expert Workshop on Climate Change Implications for Fisheries and Aquaculture (Rome, 7-9 Apr. 2008). | ||
| 520 | _aThis document provides an overview of the current scientific knowledge available on climate change implications for fisheries and aquaculture.--Publisher's description. | ||
| 650 | 0 | _aFisheries | |
| 650 | 0 | _aAquaculture | |
| 700 | 1 | _aCochrane, K. L. | |
| 700 | 1 | _aPerry, Richard Ian, | |
| 700 | 1 | _aDaw, Tim M. | |
| 700 | 1 | _aSoto, Doris. | |
| 700 | 1 | 2 | _aBarange, Manuel, |
| 700 | 1 | 2 | _aDe Silva, Sena S. |
| 710 | 2 | _aFood and Agriculture Organization of the United Nations. | |
| 856 | 1 | 1 | _uftp://ftp.fao.org/docrep/fao/012/i0994e/i0994e.pdf |
| 942 | _cEK | ||
| 999 |
_c16028 _d16028 |
||